000 00641nam a2200277Ia 4500
005 20260324123933.0
008 008 260324s9999 xx 000 0 eng d
020 _a9781315424811
037 _aEBOOK
040 _aCRL
040 _beng
040 _cCRL
041 _2eng
041 _aeng
084 _qCRL
100 _aHerman Wiley Ronnenberg
_91172228
245 0 _aMaterial Culture of Breweries
260 _bTaylor and Francis
260 _c2011
365 _a
365 _b230
856 _uhttp://www.taylorfrancis.com/books/9781315424811
942 _cEBOOK
999 _c1766172
_d1766172